| 000 | 00761nam a2200217 a 4500 | ||
|---|---|---|---|
| 001 | 000247384 | ||
| 003 | AM-YeHGA | ||
| 005 | 20250618071649.0 | ||
| 008 | 030716s1935 ai |||||r|||||||||0|arm|d | ||
| 040 | _aAM-YeHGA | ||
| 041 | 1 | _aarm | |
| 100 | 1 |
_aԳորկի, Մաքսիմ, _d1868-1936 _921 |
|
| 245 | 1 | 0 |
_aՄի անգամ աշնանը : _b[Պատմվածք] / _cՄ. Գորկի ; Թարգմ.՝ Ստ. Շահումյան. |
| 250 | _aՅերկրորդ հրատ. | ||
| 260 |
_aԵրևան : _bՊետհրատ, _c1935. |
||
| 300 |
_a38 էջ ; _c15 սմ. |
||
| 650 | 1 | 0 |
_aՌուս գրականություն _xՊատմվածք _94645 |
| 700 | 1 |
_aՇահումյան, Ստեփան Գևորգի, _d1878-1918 _eթարգմ. _4trl _98623 |
|
| 942 |
_2udc _cBK |
||
| 090 | _c89686 | ||
| 999 |
_c88400 _d88400 |
||